| 000 | 012100000a22002050004500 | ||
|---|---|---|---|
| 020 | _a0-385-42110-9 : Donación | ||
| 041 | 0 | _aENG | |
| 082 | 0 | 4 | _aG 270 D2721r |
| 100 | 1 | _aDawson, Christopher (1889-1970) | |
| 245 | 1 | 0 | _aReligion and the rise of Western culture / Christopher Dawson |
| 260 | _aNew York, Sheed & Ward | ||
| 300 | _a242 p. | ||
| 505 | 0 | 0 | _aLa importancia del desarrollo de occidente -- La religión original de la cultura occidental: la Iglesia y los bárbaros -- Los monjes de occidente y la formación de la tradición occidental -- Los bárbaros y el reino cristiano -- La segunda era oscura y la conversión del Norte -- La tradición bizantina y la conversión del oriente de Europa -- La Reforma de la Iglesia en el siglo undécimo y el papado medieval -- El mundo feudal: Cortesía y cultura elegante -- La crisis religiosa de la cultura medieval: El siglo decimotercero -- Religión medieval y cultura popular |
| 650 | 1 | 4 | _aRELIGION Y CIVILIZACION \ CIVILIZACION - HISTORIA - CRISTIANISMO \ CIVILIZACION OCCIDENTAL - CRISTIANISMO |
| 001 | 1949 | ||
| 942 | _cBK | ||
| 999 |
_c33059 _d33059 |
||
| 336 |
_atexto _btxt _2rdacontent |
||
| 337 |
_2rdamedia _asin mediación _bn |
||
| 338 |
_2rdacarrier _avolumen _bnc |
||